Estudio de rendimiento de mano de obra para vivienda prefabricada en serie

Gespeichert in:
Bibliographische Detailangaben
1. Verfasser: Murillo Sánchez, Laura
Format: Buch
Veröffentlicht: [San José , Costa Rica] 1984
Schlagworte:
Tags: Tag hinzufügen
Keine Tags, Fügen Sie den ersten Tag hinzu!

MARC

LEADER 00000nam a2200000Ia 4500
003 002547
005 20221231144406.0
008 140114s1984 cr a m 000 ||s d
040 |c cru CEDI 
090 |a TFG 1596 
100 |a Murillo Sánchez, Laura  |9 14727 
245 |a Estudio de rendimiento de mano de obra para vivienda prefabricada en serie 
260 |c 1984  |a [San José , Costa Rica] 
300 |a  134 hojas : ilustraciones(algunas plegables) ; 28 cm  
500 |a  Proyecto de graduación (ingeniero civil)--Universidad de Costa Rica. Facultad de Ingeniería. Escuela de Ingeniería Civil 
650 |x TRABAJADORES DE LA CONSTRUCCION   |x RENDIMIENTO DEL TRABAJO  |9 6449 
942 |c TFG  |2 ddc 
999 |c 21202  |d 21202